000 00619nam a2200241 i 4500
999 _c7358
_d7358
001 7358
003 BD-JhCC
005 20180417183743.0
008 801002s1978 ii a 000 0 eng
020 _cRs40.00
035 _a(BD-JhCC)7358
040 _aDLC
_cDLC
_dDLC
_dBD-JhCC
041 _aeng
050 0 0 _aDS480.852
_b.S68
082 0 0 _a813.52
_219
_bSMU 1962
245 0 4 _aThe Smugglers /
_cWilliam Stobbs
260 _aVadodara :
_bFriends of India Society International,
_c1978.
300 _a103 p. :
_bill. ;
_c28 cm.
650 _aNovel
700 1 _aStobbs, William
942 _2ddc
_cBK